000 00323nam a22001337a 4500
003 OSt
005 20231128161115.0
008 231128b |||||||| |||| 00| 0 eng d
040 _cCO-JMCR
082 _aN /
_bCRUa
100 _aCruz Madrid, ELizabeth,
_943004
245 _aAdiós a los cuentos de hadas /
942 _2ddc
_cBK
999 _c30425
_d16809